Modele szkolenia zawodowego w warunkach gospodarki rynkowej

Uložené v:
Podrobná bibliografia
Hlavný autor: Andrzejczak, Aldona
Médium: Kniha
Jazyk:Polish
Vydavateľské údaje: Poznan Wydawnictwo Akademii Ekonomicznej w Poznaniu 1999
Edícia:Zeszyty naukowe. Seria 2. Prace habilitacyjne Zeszyt 155
Predmet:
Tagy: Pridať tag
Žiadne tagy, Buďte prvý, kto otaguje tento záznam!

MARC

LEADER 00000nam a2200000 4500
001 c113828
005 20221221084503.0
022 |a 1230-6673 
041 0 |a pol 
044 |a PL 
245 1 0 |a Modele szkolenia zawodowego w warunkach gospodarki rynkowej  |c Aldona Andrzejczak 
264 1 |a Poznan  |b Wydawnictwo Akademii Ekonomicznej w Poznaniu  |c 1999 
300 |a 234 s. 
490 1 |a Zeszyty naukowe. Seria 2. Prace habilitacyjne  |v Zeszyt 155 
830 0 |a Zeszyty naukowe. Seria 2. Prace habilitacyjne  |v Zeszyt 155 
610 2 0 |a vzdelávanie 
610 2 0 |a vzdelávanie ďalšie 
610 2 0 |a kvalifikácia 
610 2 0 |a zvyšovanie kvalifikácie 
610 2 0 |a hospodárstvo trhové 
610 2 0 |a modely 
610 2 0 |a školenie odborné 
610 2 0 |a financovanie 
610 2 0 |a transformácia 
610 2 0 |a Poľsko 
100 1 |a Andrzejczak, Aldona